Guess the Young Avengers Quiz - Statistics

General Stats
  • This quiz has been taken 21 times
  • The average score is 7 of 12
Answer Stats
Hint Answer % Correct
Kamala Khan Ms. Marvel
89%
Kate Bishop Hawkeye
84%
Cassie Lang Ant-Girl
79%
Teddy Altman Hulkling
63%
Tommy Shepard Speed
63%
Billy Kaplan Wiccan
63%
Eli Bradley Patriot
58%
Nate Richards Iron Lad
53%
America Chavez Ms. America
53%
Noh-Varr Marvel Boy
42%
David Alleyne Prodigy
26%
Silvie Lushton Enchantress
21%
No matching quizzes found
Score Distribution
Percent of People with Each Score
Percentile by Number Answered
Your Score History
You have not taken this quiz